000 00629nam a2200229 i 4500
001 C2-0344734
003 PPAK
005 20180728145455.0
008 180111s2015 ii |||| ||||| | tam d
040 _aPPAK
_beng
_cPPAK
_erda
082 0 4 _a894.8113
_223
090 0 0 _a894.8113
_bKUM
_dG
100 1 _aKumarakesan, Navel,
_eauthor
245 1 0 _aArabic kadalin oraththil
264 1 _aChennai, India :
_bAnnai Rajeswary Pathippagam ,
_c2015
300 _a88 pages ;
_c22 cm
336 _2rdacontent
_atext
337 _2rdamedia
_aunmediated
338 _2rdacarrier
_avolume
650 1 0 _aTamil fiction.
942 _ddc
_cB
999 _c141300
_d141300